Statistiques concernant Toutes les commandes de Minecraft

Cliquez ici pour prendre le quiz!

Statistiques générales

  • Ce quiz a été pris 100 fois
  • Le résultat moyen est 16 sur 66

Statistiques - réponses

Commandes% Correct
gamemode
70%
give
69%
kill
65%
teleport
60%
gamerule
58%
summon
55%
time
55%
ban
48%
effect
48%
weather
48%
fill
42%
kick
42%
enchant
36%
locate
33%
setblock
33%
msg
31%
scoreboard
30%
execute
28%
help
28%
say
28%
clear
27%
locatebiome
23%
op
23%
pardon
23%
data
22%
experience
22%
whitelist
20%
difficulty
19%
me
19%
spawnpoint
19%
team
19%
tellraw
19%
clone
18%
list
18%
datapack
17%
setworldspawn
17%
stop
17%
advancement
16%
playsound
16%
seed
16%
deop
14%
reload
14%
replaceitem
14%
title
14%
bossbar
13%
function
13%
schedule
13%
item
12%
loot
12%
particle
12%
recipe
12%
attribute
11%
debug
11%
spectate
11%
tag
11%
worldborder
11%
banlist
10%
spreadplayers
10%
defaultgamemode
8%
forceload
8%
publish
8%
save
7%
setidletimeout
7%
stopsound
7%
trigger
7%
teammsg
6%

Distribution des résultats

Percentile par nombre de réponses

% des personnes avec chaque résultat

Votre développement - résultats

Vous n’avez pas pris ce quiz